01160nam a2200313Ia 450000500170000000800410001702000150005810000410007324500890011425000390020330000300024249000160027250000250028850000420031360000720035565000360042765000400046365000380050365000370054165000350057870000400061374000320065326400270068533600270071233700330073933800280077204000350080008400110083520220317000739.0160601s2005 ck g 000 0 spa  a95804695631 aChesterton, Gilbert Keithd1874-193613aEl candor del Padre Brown cG.K. Chesterton ; traducción de Carlos José Restrepo a2a. edición b1a. reimpresión  a 269, 42 páginasc21 cm aCara y cruz aIncluye cronología aIncluye datos biográficos del autor14aChesterton, Gilbert Keithd1874-1936 xCrítica e Interpretación142LEMBaNovela inglesa xSiglo XX142LEMBaLiteratura inglesa ySiglo XX142LEMBaSacerdotes en la literatura142LEMB aLadrones en la literatura142LEMB aCrimen en la literatura1 aRestrepo, Carlos Joséetraductor  aG.K. Chesterton vida y obra aBogotá bNormac2005 atextobtxt2rdacontent asin mediaciónbn2rdamedia avolumenbnc2rdacarrier aCO-BoRNBPbspaerdacCO-BoRNBP aN CHE4